| 000 | 00604nam a22001817a 4500 | ||
|---|---|---|---|
| 999 |
_c16130 _d16130 |
||
| 003 | AR-CdUCM | ||
| 008 | 190403b ||||| |||| 00| 0 spa d | ||
| 040 |
_aMUNICIPALIDAD PROVINCIAL DEL CUSCO _cBIBLIOTECA MUNICIPAL DEL CUSCO |
||
| 082 |
_aEP / 498.5181 / _bP25 _22 ed. |
||
| 110 |
_aAsociación Pukllasunchis. _92457 |
||
| 245 |
_aPacucha 2 : _bRunasimi iskay ñiqin grado primariapaq / |
||
| 260 |
_aCusco : _bAsociación Pukllasunchis, _c2002. |
||
| 300 |
_a68 páginas ; _c30 cm |
||
| 650 |
_aIdioma quechua. _927790 |
||
| 650 |
_aCastellano _97963 |
||
| 942 |
_2ddc _cLIBROS |
||
| 945 |
_arum _d2019-05-02 |
||